000 01713nam0a2200349 4500
001 RU\NLR\bibl\358865
005 20250621155954.0
010 _a5-352-00244-6
_bВ пер.
_97000
021 _aRU
_b2002-53739
_92611
035 _a(NLR Aleph) 000353493
090 _a290767
_c290767
100 _a20030109d2002 |||y0rusy50 ca
101 1 _arus
_cger
102 _aRU
105 _ay |||||||||
200 1 _aЗавет Кольца
_eАнтология
_f[Сост. С. Бауэр
_gПер. с нем. Е. Шушлебиной, Г. Ноткина]
210 _aСПб.
_cАзбука-классика
_d2002
215 _a440, [2] с.
_d21
225 1 _aНаследники Толкина
327 1 _aСодерж.: Джереми Безземельный и дракон / К. Гир. Барабаны в глубине / А.А. Хойскес. Каменная душа / Д. Шмидт. Приключений не бывает / Р. Шумахер. Песнь волны / Г.В. Пеш. Сын лудильщика / Р. Лео. Остров эльфов / Ф. Рефельд. Четвертое яйцо дракона / В. Чех. Финраель Темный / Э. Диллингер. Чистое сердце / Х. фон Аллверден и др.
610 0 _aФантастические романы и рассказы (х. л.)
675 _a821.112.2-32
_v3
_zrus
686 _a17.82
_2rugasnti
686 _a84(4Гем)-44
_2rubbk
686 _aШ6(0)07-94{Лх150-30}
702 1 _aБауэр
_bС.
_gСтивен
_4220
801 0 _aRU
_bRKP
_c20030109
_gPSBO
801 1 _aRU
_bRKP
_c20030109
801 2 _aRU
_bNLR
_c20030210
_grcr
942 _cBOOK
980 _aNB